00530nam a22001817a 450000500170000001000150001702000260003203500130005803700130007108200110008410000180009524500720011325000110018526000460019627000590024230000270030150000200032820150623111717.0 aENG-112859 c595.00a9789350353882 aEN-96391 bDBAD/PUB a349.54 aWadehra, B.L. aPublic interest litigation with model PIL formats /cby B.L.Wadehra a4th ed aNew DelhibUniversal Law Publishingc2014 aA-58, G.T. Karnal Road Industrial Area,bDelhie110033 axlvi,455p. c24cm(pbk) aIncludes index